000 00778nam a2200241Ia 4500
003 OSt
005 20220923213332.0
006 a|||||r|||| 00| 0
007 ta
008 220922b |||||||| |||| 00| 0 hin d
024 _a160,892
037 _cTextual
040 _aARTS
_cARTS
_bhin
041 _2hin
_ahin
082 _aO152,2:gN, K7
100 _aरस्तोगी, गिरीश
_9156369
245 0 _aहिन्दी नाटक
_b सिद्धान्त और विवेचन
246 _aHindī nāṭaka: siddhānta aur vivechana
260 _c1967
650 _aहिन्दी साहित्य
_9156264
942 _hO152,2:gN, K7
_cTEXL
_2CC
999 _c315570
_d315570